Illustrated Lotus 1-2-3 release 3.0 / (Record no. 180443)
[ view plain ]
| 000 -LEADER | |
|---|---|
| fixed length control field | 01304 a2200217 4500 |
| 003 - CONTROL NUMBER IDENTIFIER | |
| control field | Nust |
| 005 - DATE AND TIME OF LATEST TRANSACTION | |
| control field | 20220819112343.0 |
| 010 ## - LIBRARY OF CONGRESS CONTROL NUMBER | |
| LC control number | 88120560 |
| 040 ## - CATALOGING SOURCE | |
| Transcribing agency | Nust |
| 082 00 - DEWEY DECIMAL CLASSIFICATION NUMBER | |
| Classification number | 005.3,MUE |
| 100 1# - MAIN ENTRY--PERSONAL NAME | |
| Personal name | Muller, John |
| 9 (RLIN) | 98233 |
| 245 10 - TITLE STATEMENT | |
| Title | Illustrated Lotus 1-2-3 release 3.0 / |
| Statement of responsibility, etc. | John Muller |
| 260 ## - PUBLICATION, DISTRIBUTION, ETC. | |
| Place of publication, distribution, etc. | Delhi, Ill. : |
| Name of publisher, distributor, etc. | BPB , |
| Date of publication, distribution, etc. | c1988. |
| 300 ## - PHYSICAL DESCRIPTION | |
| Extent | xii, 344 p. : |
| Other physical details | ill. ; |
| Dimensions | 28 cm. |
| 505 ## - FORMATTED CONTENTS NOTE | |
| Formatted contents note | About this book (Page-1), Lotus overview (Page-4), A sample session with lotus 123 (Page-13), Copy (Page-20), Data distribution (Page-22), Data external (Page-25), Data fill (Page-32)Data matrix (Page-35)Data parse (Page-40), Data query (Page-45), Data regression (Page-51), Data sort (Page-57), Data table (Page-60), File admn (Page-66), File combine (Page-72), File Dir (Page-76), File erase (Page-78), File import (Page-81), File list (Page 84)File new (Page 87)File open (Page 89)File save file retrieve(Page 92)File extract (Page-96), Graph group (Page-99), Graph name (Page-101), Graph options advanced (Page-105), Graph option B and W color (Page-110), Graph option data labels (Page-115). |
| 650 #0 - SUBJECT ADDED ENTRY--TOPICAL TERM | |
| Topical term or geographic name entry element | Business |
| General subdivision | Computer programs. |
| 9 (RLIN) | 19731 |
| 700 1# - ADDED ENTRY--PERSONAL NAME | |
| Personal name | Warrner, Thomas W., |
| Dates associated with a name | 1955- |
| 9 (RLIN) | 98234 |
| 740 0# - ADDED ENTRY--UNCONTROLLED RELATED/ANALYTICAL TITLE | |
| Uncontrolled related/analytical title | Using Lotus 123. |
| 856 ## - ELECTRONIC LOCATION AND ACCESS | |
| Materials specified | Almirah No. 7 Shelf No. 1 |
| 942 ## - ADDED ENTRY ELEMENTS (KOHA) | |
| Source of classification or shelving scheme | |
| Koha item type | Book |
| Call number prefix | 005.3,MUE |
| Withdrawn status | Lost status | Source of classification or shelving scheme | Damaged status | Not for loan | Permanent Location | Current Location | Shelving location | Date acquired | Full call number | Barcode | Date last seen | Price effective from | Koha item type | Public note |
|---|---|---|---|---|---|---|---|---|---|---|---|---|---|---|
| Military College of Signals (MCS) | Military College of Signals (MCS) | General Stacks | 12/12/2016 | 005.3,MUE | MCS27509 | 12/08/2016 | 12/12/2016 | Book | Almirah No.5, Shelf No.6 |
